[Event "Ruhrgebiet Verbandsklasse Gruppe 1 1819"]
[Site "Nordrheinwestfalen"]
[Date "2019.03.10"]
[Round "7.1"]
[White "Freisen, Thomas"]
[Black "Czarnik, Jozef"]
[Result "1/2-1/2"]
[WhiteElo "1973"]
[BlackElo "1887"]
[PlyCount "28"]
[EventDate "2018.09.23"]
[EventType "team-tourn"]
[EventRounds "9"]
[EventCountry "GER"]
[SourceTitle "EXT 2022"]
[Source "ChessBase"]
[SourceDate "2021.10.06"]
[SourceVersion "1"]
[SourceVersionDate "2021.10.06"]
[SourceQuality "1"]
[WhiteTeam "Guennigfeld SV"]
[BlackTeam "Haltern"]
[WhiteTeamCountry "GER"]
[BlackTeamCountry "GER"]

1. e4 c5 2. Nf3 e6 3. c4 Nc6 4. Nc3 a6 5. d4 cxd4 6. Nxd4 Qc7 7. Be3 Nf6 8. Be2 Bd6 9. Qd2 Nxd4 10. Bxd4 Bf4 11. Qd3 0-0 12. g3 e5 13. Be3 Bxe3 14. Qxe3 d6 1/2-1/2

[Event "Ruhrgebiet Verbandsklasse Gruppe 1 1819"]
[Site "Nordrheinwestfalen"]
[Date "2019.01.20"]
[Round "5.1"]
[White "Freisen, Thomas"]
[Black "Viebahn, Dirk"]
[Result "1/2-1/2"]
[WhiteElo "1973"]
[BlackElo "2117"]
[PlyCount "33"]
[EventDate "2018.09.23"]
[EventType "team-tourn"]
[EventRounds "9"]
[EventCountry "GER"]
[SourceTitle "EXT 2022"]
[Source "ChessBase"]
[SourceDate "2021.10.06"]
[SourceVersion "1"]
[SourceVersionDate "2021.10.06"]
[SourceQuality "1"]
[WhiteTeam "Guennigfeld SV"]
[BlackTeam "Muelheim SC"]
[WhiteTeamCountry "GER"]
[BlackTeamCountry "GER"]

1. Nf3 Nf6 2. c4 c5 3. Nc3 g6 4. d4 cxd4 5. Nxd4 Bg7 6. e4 d6 7. Be2 a6 8. 0-0 0-0 9. Be3 Bd7 10. f3 Nc6 11. Qd2 Rb8 12. Rfd1 Re8 13. Rac1 h5 14. Nb3 Be6 15. Nd5 Nd7 16. Bf1 a5 17. Nc3 1/2-1/2

[Event "Ruhrgebiet Verbandsklasse Gruppe 1 1819"]
[Site "Nordrheinwestfalen"]
[Date "2018.11.04"]
[Round "3.1"]
[White "Freisen, Thomas"]
[Black "Schwarzkopf, Christian"]
[Result "1/2-1/2"]
[WhiteElo "1973"]
[BlackElo "2041"]
[PlyCount "58"]
[EventDate "2018.09.23"]
[EventType "team-tourn"]
[EventRounds "9"]
[EventCountry "GER"]
[SourceTitle "EXT 2022"]
[Source "ChessBase"]
[SourceDate "2021.10.06"]
[SourceVersion "1"]
[SourceVersionDate "2021.10.06"]
[SourceQuality "1"]
[WhiteTeam "Guennigfeld SV"]
[BlackTeam "Werl SC 1981"]
[WhiteTeamCountry "GER"]
[BlackTeamCountry "GER"]

1. d4 Nf6 2. c4 e6 3. Nf3 b6 4. g3 Bb4+ 5. Bd2 Bxd2+ 6. Qxd2 Ba6 7. b3 c6 8. Bg2 0-0 9. 0-0 d5 10. Ne5 Nfd7 11. Nxd7 Nxd7 12. cxd5 exd5 13. Rc1 Bb7 14. Nc3 Nf6 15. Qf4 Qe7 16. Bh3 Rfd8 17. Rd1 h6 18. Bf5 b5 19. Rd2 Qd6 20. Qxd6 Rxd6 21. Rc1 g6 22. Bh3 a6 23. Rdc2 Kf8 24. e3 Ke7 25. Ne2 g5 26. Bf5 Bc8 27. Bxc8 Rxc8 28. Rd1 Nd7 29. Nc1 a5 1/2-1/2

[Event "Ruhrgebiet Verbandsklasse Gruppe 2 1718"]
[Site "Germany"]
[Date "2017.12.03"]
[Round "4.1"]
[White "Patzer, Joerg"]
[Black "Freisen, Thomas"]
[Result "1/2-1/2"]
[WhiteElo "1887"]
[BlackElo "2000"]
[PlyCount "27"]
[EventDate "2017.09.17"]
[EventType "team-tourn"]
[EventRounds "9"]
[EventCountry "GER"]
[SourceTitle "EXT 2022"]
[Source "ChessBase"]
[SourceDate "2021.10.06"]
[SourceVersion "1"]
[SourceVersionDate "2021.10.06"]
[SourceQuality "1"]
[WhiteTeam "Horst Emscher II"]
[BlackTeam "Guennigfeld SV"]
[WhiteTeamCountry "GER"]
[BlackTeamCountry "GER"]

1. f4 Nf6 2. Nf3 d6 3. e3 g6 4. b3 Bg7 5. Bb2 c5 6. Bb5+ Nbd7 7. 0-0 0-0 8. a4 a6 9. Be2 b6 10. Qe1 e6 11. d3 Nd5 12. Bxg7 Kxg7 13. Qd2 Bb7 14. Nc3 1/2-1/2